Guillermo Cabrera Infante y Tres tristes trigres /

El presente análisis de la novela Tres tristes tigres la sitúa en el marco del panorama artístico generado a raíz de la revolución de 1959 y traza, además, la evolución de la obra de Cabrera Infante. En particular, se estudia el ambiente nocturno de La Habana y se subraya la presencia de una sólida...

Cijeli opis

Spremljeno u:
Bibliografski detalji
Glavni autor: Jiménez, Reynaldo L. (autor)
Format: Knjiga
Jezik:španjolski
Izdano: Miami, EUA : Universal, 1976, c1976
Serija:(Polymita)
Teme:
Oznake: Dodaj oznaku
Bez oznaka, Budi prvi tko označuje ovaj zapis!

MARC

LEADER 00000nam^a2200000^a^4500
001 000153914
005 20250521000000.0
009 20260310100336.71
037 |a Acervo ITESO - Biblioteca 
041 |a ESP 
082 |a 860. 97291064  |b JIM 
100 |a Jiménez, Reynaldo L.  |e (autor) 
245 1 0 |a Guillermo Cabrera Infante y Tres tristes trigres /  |c R.L. Jiménez. 
264 4 |a Miami, EUA :  |b Universal,  |c 1976, c1976 
300 |a 131 p. 
336 |a texto  |b txt  |2 rdacontenido 
337 |a sin mediación  |b n  |2 rdamedio 
338 |a volumen  |b nc  |2 rdasoporte 
440 1 |a (Polymita) 
520 |a El presente análisis de la novela Tres tristes tigres la sitúa en el marco del panorama artístico generado a raíz de la revolución de 1959 y traza, además, la evolución de la obra de Cabrera Infante. En particular, se estudia el ambiente nocturno de La Habana y se subraya la presencia de una sólida coherencia interna, basada en los elementos de ambiente, humor y lenguaje oral, en contraste con la estructura externa, desordenada y sin transición lógica entre los diferentes componentes. 
545 0 |a Guillermo Cabrera Infante (Gibara, 1929 - Londres, 2005), escritor cubano que apoyó inicialmente a la revolución, aunque ya para 1961 tenía problemas con ella por cuestiones de censura; sin embargo, de 1962 a 1965 se desempeñó como agregado cultural en la embajada en Bélgica, hasta que en una visita a la isla fue detenido durante varios meses, partiendo después al exilio definitivo. Paradójicamente su alejamiento físico del país en lugar de volverle lejana a Cuba la convirtió en un eje central de su obra literaria. Ganador del Premio Cervantes en 1997. Autor de: La Habana para un infante difunto; Tres tristes tigres; Arcadia todas las noches; Vista del amanecer en el trópico; Así en la paz como en la guerra; Ella cantaba boleros; Delito por bailar el chachachá; Mi música extremada; El libro de las ciudades; Cine o sardina; Un oficio del siglo XX, entre otros títulos. 
649 |a XX 
650 |a Escritores Cubanos 
650 |a Novela Cubana -  |x Historia y Crítica 
650 |a Literatura Cubana -  |y 1960-1969 
650 |a Literatura Cubana -  |y Siglo XX 
650 |a Literatura Cubana -  |x Historia y Crítica 
650 |a La Habana, Cuba en la Literatura 
650 |a Cuba en la Literatura 
650 |a Cuba -  |x Descripción 
650 |a Cabrera Infante, Guillermo -  |x Tema Principal 
910 |a Fondo General 
920 |a Impresos - Libros 
930 |a Colección General 
940 |a Literatura 
905 |a 101 
901 |a 0500085640  |b IT1  |c LIT  |u 20250521 
902 |a https://opac.biblio.iteso.mx/vufind/Record/000153914